000 00747 a2200265 4500
001 12712
999 _c12712
_d12513
003 TR-AnTOB
005 20210401160828.0
008 110312s1988 enkac d 000 0 d
015 _aGB88-62432
020 _a1853263737
035 _a(UCD)AGD-3841
035 _a89-B42287
041 _aeng
049 _aETUM
050 0 _aPE1596
_b.M32 1996
090 _aREF PE 1596 .M32 1996
100 _aManser, Martin H.
_93419
245 4 _aThe Wordsworth dictionary of eponyms /
_cMartin H. Manser.
264 1 _aWare :
_bWordsworth Editions,
_c1996.
300 _a213 p. ;
_c20 cm.
650 0 _aEnglish language
_xEponyms
_vDictionaries
_95833
650 _aEnglish language
_xEponyms
_vGlossaries, vocabularies, etc.
_95832
942 _cREF